[Event "Muensterland Regionalliga 1516"]
[Site "Germany"]
[Date "2016.05.07"]
[Round "9.7"]
[White "Fasselt, Hendrik"]
[Black "Hirnstein, Markus"]
[Result "1/2-1/2"]
[WhiteElo "1804"]
[BlackElo "1881"]
[PlyCount "62"]
[EventDate "2015.09.05"]
[EventType "team"]
[EventRounds "9"]
[EventCountry "GER"]
[SourceTitle "EXT 2017"]
[Source "ChessBase"]
[SourceDate "2016.10.25"]
[SourceVersion "1"]
[SourceVersionDate "2016.10.25"]
[SourceQuality "1"]
[WhiteTeam "Raesfeld Erle"]
[BlackTeam "Telgte"]
[WhiteTeamCountry "GER"]
[BlackTeamCountry "GER"]

1. b3 Nf6 2. Bb2 e6 3. e3 d5 4. Nf3 Be7 5. Be2 0-0 6. 0-0 c5 7. d4 b6 8. Nbd2 Bb7 9. c4 cxd4 10. Nxd4 Nc6 11. Nxc6 Bxc6 12. Bf3 Rc8 13. Rc1 Bc5 14. Qc2 d4 15. exd4 Bxd4 16. Rfd1 Bxb2 17. Qxb2 Qc7 18. Bxc6 Qxc6 19. Nf3 Rfd8 20. Nd4 Qd6 21. Qe2 Qc5 22. Nb5 a6 23. Nc3 Qg5 24. Rxd8+ Rxd8 25. Rd1 Rb8 26. Qd3 Qc5 27. Qd6 Qxd6 28. Rxd6 Kf8 29. Kf1 Ke7 30. Rd3 e5 31. Ke2 Rc8 1/2-1/2

[Event "Muensterland Regionalliga 1516"]
[Site "Germany"]
[Date "2015.09.05"]
[Round "1.4"]
[White "Langhans, Joerg"]
[Black "Hirnstein, Markus"]
[Result "1/2-1/2"]
[WhiteElo "1937"]
[BlackElo "1881"]
[PlyCount "27"]
[EventDate "2015.09.05"]
[EventType "team"]
[EventRounds "9"]
[EventCountry "GER"]
[SourceTitle "EXT 2017"]
[Source "ChessBase"]
[SourceDate "2016.10.25"]
[SourceVersion "1"]
[SourceVersionDate "2016.10.25"]
[SourceQuality "1"]
[WhiteTeam "Rheine Klein Berlin"]
[BlackTeam "Telgte"]
[WhiteTeamCountry "GER"]
[BlackTeamCountry "GER"]

1. e4 e6 2. d4 d5 3. Nc3 Bb4 4. exd5 exd5 5. Bd3 Ne7 6. a3 Bxc3+ 7. bxc3 Bf5 8. Qf3 Qd7 9. Ne2 Nbc6 10. 0-0 0-0-0 11. a4 h5 12. Bxf5 Qxf5 13. Qd3 h4 14. Rb1 1/2-1/2

[Event "Muenster Bezirksliga 0607"]
[Site "Germany"]
[Date "2006.09.16"]
[Round "1.12"]
[White "Merkentrup, Ralf"]
[Black "Hirnstein, Markus"]
[Result "1/2-1/2"]
[WhiteElo "1716"]
[BlackElo "1769"]
[PlyCount "91"]
[EventDate "2006.09.16"]
[EventType "team"]
[EventRounds "9"]
[EventCountry "GER"]
[SourceTitle "EXT 2008"]
[Source "ChessBase"]
[SourceDate "2007.11.25"]
[SourceVersion "1"]
[SourceVersionDate "2007.11.25"]
[SourceQuality "1"]
[WhiteTeam "Telgte II"]
[BlackTeam "Senden"]
[WhiteTeamCountry "GER"]
[BlackTeamCountry "GER"]

1. d4 Nf6 2. c4 e6 3. Nc3 Bb4 4. Qc2 c5 5. dxc5 Na6 6. a3 Bxc3+ 7. Qxc3 Nxc5 8. b4 Nce4 9. Qc2 d5 10. f3 Nd6 11. e3 dxc4 12. e4 e5 13. Bg5 0-0 14. Bxc4 Nxc4 15. Qxc4 Qb6 16. Ne2 Bd7 17. Nc3 Rac8 18. Qd3 Be6 19. Bxf6 gxf6 20. Nd5 Bxd5 21. exd5 Rfd8 22. Rd1 Rxd5 23. Qe4 Rxd1+ 24. Kxd1 Rd8+ 25. Ke2 Rd4 26. Qe3 Qa6+ 27. Kf2 Qd3 28. Qxd3 Rxd3 29. Ra1 Rb3 30. Ra2 b5 31. Ke2 f5 32. Kd2 f4 33. Kc2 Re3 34. Kd2 Kg7 35. a4 Rb3 36. axb5 Rxb4 37. Kc3 Rxb5 38. Rxa7 Rd5 39. Ra6 h5 40. h3 h4 41. Rb6 Rd1 42. Ra6 Kf8 43. Ra7 Ke8 44. Ra5 f6 45. Ra7 Rd7 46. Ra8+ 1/2-1/2

[Event "Muenster Bezirksliga 0506"]
[Site "Muenster"]
[Date "2006.01.14"]
[Round "5.4"]
[White "Hirnstein, Markus"]
[Black "Schlagheck, Thomas"]
[Result "1-0"]
[WhiteElo "1769"]
[BlackElo "1730"]
[PlyCount "117"]
[EventDate "2005.09.10"]
[EventType "team"]
[EventRounds "9"]
[EventCountry "GER"]
[SourceTitle "EXT 2007"]
[Source "ChessBase"]
[SourceDate "2006.11.23"]
[SourceVersion "1"]
[SourceVersionDate "2006.11.23"]
[SourceQuality "1"]
[WhiteTeam "Senden"]
[BlackTeam "Muenster V"]
[WhiteTeamCountry "GER"]
[BlackTeamCountry "GER"]

1. c4 c5 2. g3 Nc6 3. Bg2 d6 4. Nc3 g6 5. e4 e5 6. Nge2 f5 7. d3 Nf6 8. 0-0 Bg7 9. Nd5 Nxd5 10. cxd5 Ne7 11. Be3 Bd7 12. Qd2 0-0 13. a4 a6 14. a5 b5 15. axb6 Qxb6 16. Nc3 a5 17. Na4 Bxa4 18. Rxa4 Rfb8 19. Rfa1 Qxb2 20. Qxb2 Rxb2 21. Rxa5 Rxa5 22. Rxa5 Rb1+ 23. Bf1 fxe4 24. dxe4 Rb6 25. Bh3 h6 26. Ra7 Kf7 27. Be6+ Kf6 28. h4 g5 29. h5 Rb8 30. Rc7 Bf8 31. Kg2 Rb4 32. f3 Rb3 33. Bf2 Rb2 34. Rd7 Rb6 35. Kh3 Rb2 36. Be1 Rb6 37. Ba5 Ra6 38. Bc7 Ra7 39. Bxd6 Rxd7 40. Bxd7 c4 41. Bb4 Kf7 42. Bc3 Bg7 43. Bb5 Nc8 44. Bxc4 Nd6 45. Bd3 Bf6 46. Kg4 Ne8 47. f4 exf4 48. e5 fxg3 49. Bg6+ Kf8 50. Kxg3 Be7 51. Bxe8 Kxe8 52. Kg4 Bf8 53. Kf5 Kf7 54. d6 Ke8 55. Ke6 Be7 56. dxe7 g4 57. Kf5 g3 58. Bd4 g2 59. Kg6 1-0

[Event "Muensterland Verbandsliga 0405"]
[Site "Muensterland"]
[Date "2004.11.13"]
[Round "3.8"]
[White "Boecker, Manfred"]
[Black "Hirnstein, Markus"]
[Result "1-0"]
[WhiteElo "1931"]
[BlackElo "1765"]
[PlyCount "163"]
[EventDate "2004.09.18"]
[EventType "team-tourn"]
[EventRounds "9"]
[EventCountry "GER"]
[SourceTitle "EXT 2006"]
[Source "ChessBase"]
[SourceDate "2005.11.24"]
[SourceVersion "1"]
[SourceVersionDate "2005.11.24"]
[SourceQuality "1"]
[WhiteTeam "Suedlohn"]
[BlackTeam "Muenster II"]
[WhiteTeamCountry "GER"]
[BlackTeamCountry "GER"]

1. d4 Nf6 2. Nc3 d5 3. Bg5 Nbd7 4. Nf3 g6 5. e3 Bg7 6. Be2 0-0 7. h3 b6 8. 0-0 Bb7 9. Re1 c5 10. Nd2 e5 11. dxe5 Nxe5 12. Nf3 Qe7 13. Nxe5 Qxe5 14. Bf4 Qe7 15. Bf3 Rad8 16. Qc1 Ne4 17. Nxe4 dxe4 18. Be2 a6 19. c3 Rd7 20. Rd1 Rfd8 21. Qc2 b5 22. Rxd7 Rxd7 23. Rd1 c4 24. Rxd7 Qxd7 25. Qd1 Qxd1+ 26. Bxd1 h6 27. Kf1 f5 28. Ke2 g5 29. Bc7 Kf7 30. Bc2 Ke6 31. Bb6 h5 32. Bd4 Be5 33. Bd1 h4 34. Kd2 Bc6 35. Be2 a5 36. a4 Bxd4 37. cxd4 c3+ 38. bxc3 bxa4 39. c4 Be8 40. Kc3 Ke7 41. Kb2 Bd7 42. Bf1 f4 43. Kc3 f3 44. d5 g4 45. hxg4 Bxg4 46. c5 Kd7 47. Kb2 Kc7 48. Ka3 Bc8 49. gxf3 exf3 50. Kxa4 h3 51. Bxh3 Bxh3 52. Kxa5 Bf5 53. Kb4 Bg6 54. Kc4 Kd7 55. Kd4 Bf7 56. Ke5 Bh5 57. e4 Bg6 58. Kf4 Bh5 59. Kg5 Bf7 60. Kg4 Ke7 61. Kxf3 Be8 62. Ke3 Bf7 63. Kd4 Kd7 64. Ke5 Bg8 65. f4 Bf7 66. Kd4 Bg8 67. e5 Ke7 68. c6 Kd8 69. e6 Kc7 70. Ke5 Bh7 71. f5 Bg8 72. f6 Kd8 73. f7 Bxf7 74. exf7 Ke7 75. c7 Kxf7 76. c8Q Kg6 77. d6 Kg7 78. d7 Kg6 79. d8R Kf7 80. Qe6+ Kg7 81. Rg8+ Kh7 82. Qg6# 1-0

[Event "Muensterland Verbandsklasse-A 0304"]
[Site "Germany"]
[Date "2003.12.13"]
[Round "4.3"]
[White "Hirnstein, Markus"]
[Black "Knispel Roth, Martin"]
[Result "0-1"]
[WhiteElo "1717"]
[BlackElo "1932"]
[PlyCount "78"]
[EventDate "2003.09.20"]
[EventType "team-tourn"]
[EventRounds "9"]
[EventCountry "GER"]
[SourceTitle "EXT 2005"]
[Source "ChessBase"]
[SourceDate "2004.11.15"]
[SourceVersion "1"]
[SourceVersionDate "2004.11.15"]
[SourceQuality "1"]
[WhiteTeam "Muenster V"]
[BlackTeam "Muenster Indische Dame"]
[WhiteTeamCountry "GER"]
[BlackTeamCountry "GER"]

1. c4 e6 2. g3 f5 3. Bg2 Nf6 4. Nf3 Be7 5. 0-0 0-0 6. d3 d6 7. Nc3 Kh8 8. e4 fxe4 9. dxe4 e5 10. Nh4 Nc6 11. Nf5 Bxf5 12. exf5 Qc8 13. g4 Rb8 14. Be3 Qd8 15. Nd5 Qd7 16. Rc1 a6 17. Nxf6 gxf6 18. f4 Qe8 19. fxe5 dxe5 20. Bh6 Rg8 21. Bd5 Rd8 22. Qe2 Bf8 23. Bxg8 Bxh6 24. Bd5 Bxc1 25. Rxc1 Nd4 26. Qg2 c6 27. Be4 Qe7 28. c5 Qg7 29. Rc3 Qg5 30. Bf3 Qf4 31. h4 Rg8 32. Bd1 Nxf5 33. Kh1 Nxh4 34. Qh3 Qe4+ 35. Kh2 Ng6 36. Bc2 Qe2+ 37. Kh1 Qe1+ 38. Kh2 Qf2+ 39. Kh1 Rd8 0-1

[Event "Muensterland Verbandsklasse-A 0304"]
[Site "Germany"]
[Date "2003.11.15"]
[Round "3.3"]
[White "Colmer, Willi"]
[Black "Hirnstein, Markus"]
[Result "1-0"]
[WhiteElo "1809"]
[BlackElo "1717"]
[PlyCount "61"]
[EventDate "2003.09.20"]
[EventType "team-tourn"]
[EventRounds "9"]
[EventCountry "GER"]
[SourceTitle "EXT 2005"]
[Source "ChessBase"]
[SourceDate "2004.11.15"]
[SourceVersion "1"]
[SourceVersionDate "2004.11.15"]
[SourceQuality "1"]
[WhiteTeam "Emsdetten Rochade"]
[BlackTeam "Muenster V"]
[WhiteTeamCountry "GER"]
[BlackTeamCountry "GER"]

1. d4 Nf6 2. c4 g6 3. Nc3 Bg7 4. e4 d6 5. Nf3 0-0 6. h3 e5 7. d5 Nbd7 8. Be3 a5 9. g4 Nc5 10. Nd2 Ne8 11. h4 f5 12. gxf5 gxf5 13. Qe2 Nf6 14. Bh3 Ncxe4 15. Ncxe4 fxe4 16. Bg5 e3 17. Bxe3 Qe8 18. Bxc8 Qxc8 19. Rg1 Kh8 20. 0-0-0 c6 21. dxc6 bxc6 22. Nf3 Ne4 23. Ng5 Nxg5 24. Rxg5 d5 25. Bc5 Re8 26. Qh5 Qa6 27. Rxg7 Qxc4+ 28. Kb1 Qe4+ 29. Ka1 Kxg7 30. Rg1+ Kh8 31. Qf7 1-0

[Event "Muensterland Verbandsklasse-A 0304"]
[Site "Germany"]
[Date "2003.10.04"]
[Round "2.2"]
[White "Lammens, Tim"]
[Black "Hirnstein, Markus"]
[Result "1-0"]
[WhiteElo "2136"]
[BlackElo "1717"]
[PlyCount "29"]
[EventDate "2003.09.20"]
[EventType "team-tourn"]
[EventRounds "9"]
[EventCountry "GER"]
[SourceTitle "EXT 2005"]
[Source "ChessBase"]
[SourceDate "2004.11.15"]
[SourceVersion "1"]
[SourceVersionDate "2004.11.15"]
[SourceQuality "1"]
[WhiteTeam "Gesch II"]
[BlackTeam "Muenster V"]
[WhiteTeamCountry "GER"]
[BlackTeamCountry "GER"]

1. e4 e6 2. d4 d5 3. exd5 exd5 4. c4 Bb4+ 5. Nc3 Ne7 6. Bd3 0-0 7. Nge2 Nbc6 8. 0-0 Bxc3 9. bxc3 Bf5 10. cxd5 Qxd5 11. c4 Qd7 12. Bb2 Rad8 13. d5 Bxd3 14. Qxd3 Ng6 15. Qc3 1-0

[Event "Muensterland Verbandsklasse-A 0203"]
[Site "Muensterland"]
[Date "2003.05.03"]
[Round "9.7"]
[White "Noering, Andreas"]
[Black "Hirnstein, Markus"]
[Result "1-0"]
[WhiteElo "1698"]
[BlackElo "1741"]
[PlyCount "91"]
[EventDate "2002.09.28"]
[EventType "team-tourn"]
[EventRounds "9"]
[EventCountry "GER"]
[SourceTitle "EXT 2004"]
[Source "ChessBase"]
[SourceDate "2003.11.25"]
[SourceVersion "1"]
[SourceVersionDate "2003.11.25"]
[SourceQuality "1"]
[WhiteTeam "Emsdetten Rochade"]
[BlackTeam "Muenster SK V"]
[WhiteTeamCountry "GER"]
[BlackTeamCountry "GER"]

1. e4 e6 2. d4 d5 3. Nd2 c5 4. Ngf3 cxd4 5. Nxd4 Nf6 6. e5 Nfd7 7. f4 Nxe5 8. N2f3 Nxf3+ 9. Qxf3 Nc6 10. Be3 Be7 11. c3 0-0 12. Bd3 Nxd4 13. Bxd4 Bf6 14. Be3 d4 15. cxd4 Bxd4 16. Qe4 f5 17. Qxd4 Qxd4 18. Bxd4 Rd8 19. Bxg7 Kxg7 20. Ke2 Bd7 21. Rhd1 Bc6 22. g3 Rd4 23. Bc2 Rad8 24. Rxd4 Rxd4 25. Ke3 Rd7 26. Rd1 Kf6 27. Rxd7 Bxd7 28. Kd4 Bc6 29. b4 a6 30. a4 b6 31. a5 bxa5 32. bxa5 Bb5 33. Bb3 h6 34. Ba2 Bf1 35. Bc4 Bxc4 36. Kxc4 e5 37. fxe5+ Kxe5 38. Kc5 f4 39. gxf4+ Kxf4 40. Kb6 Kg4 41. Kxa6 Kh3 42. Kb5 Kxh2 43. a6 h5 44. a7 h4 45. a8Q h3 46. Qf3 1-0

[Event "Muensterland-ch U18"]
[Site "Ochtrup"]
[Date "2003.04.14"]
[Round "6"]
[White "Schwietering, Ralf"]
[Black "Hirnstein, Markus"]
[Result "0-1"]
[WhiteElo "1330"]
[BlackElo "1741"]
[PlyCount "70"]
[EventDate "2003.04.??"]
[EventType "tourn"]
[EventRounds "7"]
[EventCountry "GER"]
[SourceTitle "EXT 2005"]
[Source "ChessBase"]
[SourceDate "2004.11.15"]
[SourceVersion "1"]
[SourceVersionDate "2004.11.15"]
[SourceQuality "1"]

1. e4 e6 2. d4 d5 3. exd5 exd5 4. Nf3 Nc6 5. Bb5 Bd6 6. 0-0 Bg4 7. Nc3 Nge7 8. Qd3 Bf5 9. Bxc6+ bxc6 10. Qe2 0-0 11. h3 Re8 12. Be3 Ng6 13. Qd2 Qd7 14. Ne5 Nxe5 15. dxe5 Bxe5 16. f4 Bf6 17. Ne2 Re4 18. Ng3 Ree8 19. Nxf5 Qxf5 20. c3 h5 21. Rae1 Re4 22. Bc5 Bh4 23. Bf2 Bxf2+ 24. Qxf2 Rb8 25. Qxa7 Rxb2 26. Qxc7 Qg6 27. Qd8+ Kh7 28. Qg5 Rxa2 29. Rxe4 dxe4 30. Qxg6+ Kxg6 31. g4 Rc2 32. Re1 Rxc3 33. Rxe4 Rxh3 34. gxh5+ Rxh5 35. Rc4 c5 0-1

[Event "Muensterland-ch U18"]
[Site "Ochtrup"]
[Date "2003.04.13"]
[Round "5"]
[White "Hirnstein, Markus"]
[Black "Thesing, Michael"]
[Result "1/2-1/2"]
[WhiteElo "1741"]
[BlackElo "1675"]
[PlyCount "46"]
[EventDate "2003.04.??"]
[EventType "tourn"]
[EventRounds "7"]
[EventCountry "GER"]
[SourceTitle "EXT 2005"]
[Source "ChessBase"]
[SourceDate "2004.11.15"]
[SourceVersion "1"]
[SourceVersionDate "2004.11.15"]
[SourceQuality "1"]

1. c4 Nf6 2. g3 d5 3. cxd5 Nxd5 4. Bg2 g6 5. Nc3 Nxc3 6. bxc3 Bg7 7. Rb1 Nd7 8. Nf3 0-0 9. 0-0 c5 10. Qa4 Qc7 11. d4 Nb6 12. Qa3 cxd4 13. cxd4 Bf5 14. Bf4 Qd7 15. Rbc1 Qe6 16. Ne5 Nd5 17. e4 Nxf4 18. gxf4 Bxe5 19. exf5 Bd6 20. fxe6 Bxa3 21. exf7+ Kxf7 22. Rc7 Rfd8 23. Rxb7 Bd6 1/2-1/2

[Event "GER-chT U20"]
[Site "Greifswald"]
[Date "2002.12.27"]
[Round "2.6"]
[White "Hartmann, Elisa"]
[Black "Hirnstein, Markus"]
[Result "0-1"]
[WhiteElo "1165"]
[BlackElo "1741"]
[PlyCount "34"]
[EventDate "2002.12.27"]
[EventType "team"]
[EventRounds "7"]
[EventCountry "GER"]
[SourceTitle "CBM 092 Extra"]
[Source "ChessBase"]
[SourceDate "2003.03.07"]
[SourceVersion "1"]
[SourceVersionDate "2003.03.07"]
[SourceQuality "1"]

1. e4 c5 2. Nc3 Nc6 3. Nf3 g6 4. d4 cxd4 5. Nxd4 Bg7 6. Nde2 Nf6 7. Ng3 0-0 8. Bd3 d5 9. exd5 Nxd5 10. Nxd5 Qxd5 11. 0-0 Re8 12. Be2 Qa5 13. Qe1 Qc7 14. c3 b6 15. Bf3 Bb7 16. Bg5 h6 17. Bxc6 Qxc6 0-1

[Event "Muensterland op 20th"]
[Site "Senden"]
[Date "2002.10.18"]
[Round "9"]
[White "Welz, Peter"]
[Black "Hirnstein, Markus"]
[Result "1-0"]
[WhiteElo "2104"]
[BlackElo "1738"]
[PlyCount "75"]
[EventDate "2002.10.12"]
[EventType "swiss"]
[EventRounds "9"]
[EventCountry "GER"]
[SourceTitle "EXT 2012"]
[Source "ChessBase"]
[SourceDate "2011.11.24"]
[SourceVersion "1"]
[SourceVersionDate "2011.11.24"]
[SourceQuality "1"]

1. e4 c5 2. Nc3 Nc6 3. g3 g6 4. Bg2 Bg7 5. d3 d6 6. Be3 e5 7. Qd2 Nge7 8. h4 h5 9. Nh3 b6 10. 0-0 Bb7 11. f4 Qd7 12. Kh2 f5 13. Ng5 Rf8 14. a3 0-0-0 15. Rab1 Nd4 16. Bxd4 cxd4 17. Ne2 Bh6 18. c3 Bxg5 19. fxg5 dxc3 20. Qxc3+ Kb8 21. b4 f4 22. Bh3 fxg3+ 23. Kxg3 Qb5 24. Rf6 Bxe4 25. dxe4 Qxe2 26. Re1 Qa6 27. Ref1 Rfe8 28. Rf7 Qb7 29. Qc4 d5 30. exd5 Qxd5 31. Qxd5 Rxd5 32. R1f6 Rd3+ 33. Kh2 Rdd8 34. Bg2 Nd5 35. Rxg6 e4 36. Rgg7 e3 37. Rb7+ Kc8 38. Bh3+ 1-0

[Event "NRW-ch U18"]
[Site "Winterberg"]
[Date "2002.04.05"]
[Round "6"]
[White "Rezasade, Amir"]
[Black "Hirnstein, Markus"]
[Result "1-0"]
[WhiteElo "2015"]
[BlackElo "1524"]
[PlyCount "47"]
[EventDate "2002.04.01"]
[EventType "tourn"]
[EventRounds "7"]
[EventCountry "GER"]
[SourceTitle "EXT 2003"]
[Source "ChessBase"]
[SourceDate "2002.11.25"]
[SourceVersion "1"]
[SourceVersionDate "2002.11.25"]
[SourceQuality "1"]

1. d4 Nf6 2. Bg5 e6 3. c4 d5 4. Nc3 Be7 5. e3 0-0 6. Nf3 b6 7. cxd5 exd5 8. Bd3 Bb7 9. Rc1 Nbd7 10. 0-0 c5 11. Qe2 Ne4 12. Bxe7 Qxe7 13. Rfd1 Rfd8 14. Ba6 Ndf6 15. Ne5 Nxc3 16. bxc3 Rac8 17. Bd3 Nd7 18. Bf5 Bc6 19. Qa6 Nb8 20. Qd3 Rc7 21. Bxh7+ Kf8 22. Qf5 Nd7 23. Ng6+ Ke8 24. Nxe7 1-0

[Event "NRW-ch U18"]
[Site "Winterberg"]
[Date "2002.04.04"]
[Round "5"]
[White "Hirnstein, Markus"]
[Black "Teteriatnikov, Konstantin"]
[Result "1/2-1/2"]
[WhiteElo "1524"]
[BlackElo "1815"]
[PlyCount "29"]
[EventDate "2002.04.01"]
[EventType "tourn"]
[EventRounds "7"]
[EventCountry "GER"]
[SourceTitle "EXT 2003"]
[Source "ChessBase"]
[SourceDate "2002.11.25"]
[SourceVersion "1"]
[SourceVersionDate "2002.11.25"]
[SourceQuality "1"]

1. c4 Nf6 2. g3 g6 3. Bg2 Bg7 4. Nc3 0-0 5. d3 d6 6. Bg5 h6 7. Bd2 e5 8. e4 c6 9. Nge2 Nh5 10. 0-0 f5 11. exf5 gxf5 12. f4 Nf6 13. Kh1 Be6 14. Qc2 Nbd7 15. Rae1 1/2-1/2

[Event "NRW-ch U18"]
[Site "Winterberg"]
[Date "2002.04.01"]
[Round "1"]
[White "Hirnstein, Markus"]
[Black "Mantler, Hendrik"]
[Result "0-1"]
[WhiteElo "1524"]
[BlackElo "1890"]
[PlyCount "52"]
[EventDate "2002.04.01"]
[EventType "tourn"]
[EventRounds "7"]
[EventCountry "GER"]
[SourceTitle "EXT 2003"]
[Source "ChessBase"]
[SourceDate "2002.11.25"]
[SourceVersion "1"]
[SourceVersionDate "2002.11.25"]
[SourceQuality "1"]

1. c4 e5 2. g3 Nc6 3. Bg2 Nf6 4. Nc3 Bb4 5. Nd5 Bc5 6. e3 d6 7. Ne2 Bg4 8. h3 Bh5 9. d4 exd4 10. exd4 Bb6 11. g4 Bg6 12. f4 h6 13. Nxb6 axb6 14. 0-0 Be4 15. d5 Nb4 16. a3 0-0 17. Bd2 Nd3 18. Bc3 Nc5 19. b4 Bxg2 20. Kxg2 Nce4 21. Qd3 Re8 22. Bxf6 Nxf6 23. Ng3 Qe7 24. Kf3 Nd7 25. Rf2 Qf6 26. Raf1 Ne5+ 0-1